Southville International School and Colleges
Your cart is empty.
  • Cart
  • Lists
    Public lists Eva Luna New books Lux_list list_1
    Your lists Log in to create your own lists
  • Log in to your account
  • Your cookies
  • Search history
Southville International School and Colleges
  • Advanced search
  • Recent comments
  • Most popular
  • Libraries

Log in to your account

Log in with GOOGLE


If you do not have an external account, but do have a local account, you can still log in:

  1. Home
  2. MARC view: A cinematic history of gangsters & detectives /
Normal view MARC view ISBD view

A cinematic history of gangsters & detectives / (Record no. 305515)

[ view plain ]
MARC details
000 -LEADER
fixed length control field 00790nam a2200265Ia 4500
008 - FIXED-LENGTH DATA ELEMENTS--GENERAL INFORMATION
fixed length control field 170203s9999 xx 000 0 und d
020 ## - INTERNATIONAL STANDARD BOOK NUMBER
International Standard Book Number 9781844211814 (pbk.)
050 ## - LIBRARY OF CONGRESS CALL NUMBER
Classification number 791.463
050 ## - LIBRARY OF CONGRESS CALL NUMBER
Item number .W746h 2005
100 ## - MAIN ENTRY--PERSONAL NAME
Personal name Wilshin, Mark.
245 #2 - TITLE STATEMENT
Title A cinematic history of gangsters & detectives /
245 ## - TITLE STATEMENT
Statement of responsibility, etc Mark Wilshin.
260 ## - PUBLICATION, DISTRIBUTION, ETC. (IMPRINT)
Place of publication, distribution, etc Chicago, Ill. :
260 ## - PUBLICATION, DISTRIBUTION, ETC. (IMPRINT)
Name of publisher, distributor, etc Raintree,
260 ## - PUBLICATION, DISTRIBUTION, ETC. (IMPRINT)
Date of publication, distribution, etc c2005.
300 ## - PHYSICAL DESCRIPTION
Extent 32 p. :
300 ## - PHYSICAL DESCRIPTION
Other physical details ill. (some col.) ;
300 ## - PHYSICAL DESCRIPTION
Dimensions 29 cm.
440 ## - SERIES STATEMENT/ADDED ENTRY--TITLE
Title A Cinematic history of
500 ## - GENERAL NOTE
General note includes index.
650 ## - SUBJECT ADDED ENTRY--TOPICAL TERM
Topical term or geographic name as entry element Detective and mystery films--United States--
650 ## - SUBJECT ADDED ENTRY--TOPICAL TERM
Topical term or geographic name as entry element Gangster films--United States--
650 ## - SUBJECT ADDED ENTRY--TOPICAL TERM
General subdivision History and criticism--Juvenile literature.
650 ## - SUBJECT ADDED ENTRY--TOPICAL TERM
General subdivision History and criticism--Juvenile literature.
Holdings
Withdrawn status Lost status Damaged status Home library Current library Shelving location Date acquired Total Checkouts Full call number Barcode Date last seen Price effective from Koha item type
      Stonyhurst Southville International School (Batangas) Stonyhurst Southville International School (Batangas)   02/03/2017   791.463 .W746h 2005 US-0560 02/03/2017 02/03/2017 Books

A cinematic history of gangsters & detectives /

APA

Wilshin M., .A cinematic history of gangsters & detectives. Chicago, Ill: .

Chicago

Wilshin Mark, .A cinematic history of gangsters & detectives. Chicago, Ill: .

Harvard

Wilshin M., .A cinematic history of gangsters & detectives. Chicago, Ill: .

MLA

Wilshin Mark, .Chicago, Ill: . .

  • Place hold
  • Print
  • Cite
  • Add to your cart (remove)
  • Save record
    BIBTEX Dublin Core MARCXML MARC (non-Unicode/MARC-8) MARC (Unicode/UTF-8) MARC (Unicode/UTF-8, Standard) MODS (XML) RIS
  • More searches
    Search for this title in:
    Other Libraries (WorldCat) Other Databases (Google Scholar) Online Stores (Bookfinder.com) Open Library (openlibrary.org)

Exporting to Dublin Core...

SOUTHVILLE LIBRARY

Southville International School and Colleges Library

1281 Tropical Ave. Cor. Luxembourg St., BF Homes International, Las Pinas City

Tel. No. 8256374 / 252358 Loc. 117/146

Powered by Koha